La arqueología del saber

Allí donde la historia de las ideas busca develar los movimientos secretos del pensamiento, la lucidez de Foucault hace aparecer en su especificidad el nivel de las "cosas dichas": sus condiciones de producción, las formas de su cúmulo y de su encadenamiento; las reglas de su transformación y las di...

Full description

Bibliographic Details
Main Author: Foucault, Michel 1926-1984
Format: Libro
Language:Spanish
Published: Buenos Aires: Siglo Veintiuno, 2008.
Edition:2a. ed.
Subjects:
Online Access:

MARC

LEADER 00000cam a2200000 a 4500
001 000912
003 UAHC_CL
005 20220613165932.0
008 150304s2008 ag 000 spa
020 |a 9789876290081 
040 |a UAHC_CL  |c UAHC_CL  |d UAHC_CL 
082 0 4 |a 121.3  |b F762  |2 21 
100 1 |a Foucault, Michel  |d 1926-1984 
245 1 3 |a La arqueología del saber  |c Michel Foucault. 
250 |a 2a. ed. 
260 |a Buenos Aires:  |b Siglo Veintiuno,  |c 2008. 
300 |a 273 páginas. 
520 |a Allí donde la historia de las ideas busca develar los movimientos secretos del pensamiento, la lucidez de Foucault hace aparecer en su especificidad el nivel de las "cosas dichas": sus condiciones de producción, las formas de su cúmulo y de su encadenamiento; las reglas de su transformación y las discontinuidades que las escanden. 
650 0 |a Teoría del conocimiento  |9 441 
650 0 |a Epistemología  |9 438 
653 |a SOCIOLOGIA 
900 |a 121.3 FOUQ 
942 |c BK 
952 |0 0  |1 0  |4 0  |6 121_300000000000000_FOUQ  |7 0  |8 General  |9 1920  |a BC  |b BC  |c General  |d 2017-08-03  |l 2  |m 1  |o 121.3 FOUQ  |p 1409113  |r 2026-01-07 00:00:00  |s 2018-12-10  |t 1  |w 2017-08-03  |y BK 
999 |c 912  |d 912